archéologie - Statistiques

Statistiques générales
  • Ce quiz a été pris 14 fois
  • Le résultat moyen est 4 sur 26
Statistiques - réponses
Hint Réponse % Correct
création ed l'institut national de recherches archéologiques préventives timrapt 2002
75%
convention de malte 1992
50%
code du patrimoine 2004
50%
création du service subaquatique de l’INRAP 2011
50%
loi sur les détecteurs de métaux 1985
38%
types de datations obtenues à l'aide de méthodes physico- chimiques. absolue
38%
datation obtenues grâce aux données fournies par des liens chronologiques entre les vestiges et par le mobilier archéologique contenu dans les US. relative
38%
création des circonscriptions archéologiques et d'un comité des fouilles archéologiques 1945
13%
tout type de profil, section ou surface sans volumes, résultant d’un phénomène naturel ou d’une action humaine US négative
13%
création du DRASSM 1966
0%
surface de dépôt d’une US qui permet d’en définir le mode. Généralement, la puissance du dépôt va s’amenuisant aux limites du bassin de dépôt (tassement, érosion...) bassin de dépôts
0%
LES ORGANISMES CONSULTATIFS CNRA/CTRA
0%
inventeur du diagramme stratigraphique en 1979 Edward Harris
0%
Lieu aménagé où l’on trouve des vestiges qui ont été déposés en une seule fois (mobilier, ossements humains ou animaux, cendres, restes végétaux, etc.) ensembles clos
0%
Vestiges qui témoignent, en un lieu donné, d’une occupation humaine de longue durée, caractérisée par l’accumulation, la juxtaposition et la superposition des vestiges ensembles ouverts
0%
limites de creusement d’une structure. Interface de creusement
0%
surface représentant la base de la partie détruite Interface de destruction
0%
ensemble d’interfaces de différentes unités constituant l’équivalent d’une « formation » géologique et représentant la surface des surfaces ayant fonctionné simultanément. Interface de période
0%
surface des US déposées ou créées à l’horizontale et dont l’extension est équivalente à celle de l’unité. Interface d’unité horizontale
0%
surface en élévation d’une unité, limites de conservation ou de destruction des unités stratigraphiques en élévation Interface d’unité verticale
0%
limites extérieures et originelles de l’unité stratigraphique la face
0%
surface de contact entre deux face (deux unités stratigraphiques). Suivant plusieurs critères, l’interface permet de définir la relation d’antériorité et de postériorité entre deux unités stratigraphiques. l'interface
0%
personne qui consolide la démarche de stratigraphie et instaure le système de carroyage en 1954 Mortimer Wheeler
0%
mur, canalisation,foyer,four..... structures bâtîes
0%
évènement ou fraction d’évènement réel, cela correspond à une réalité d’action anthropique ou à un phénomène naturel. unité naturelle
0%
toutes celles qui présentent un volume (sauf lié à une construction) ; étape de la sédimentation anthropique ou naturelle US positif
0%
Aucun quiz correspondant
Distribution des résultats
% des personnes avec chaque résultat
Percentile par nombre de réponses
Votre historique - résultats
Vous n’avez pas pris ce quiz